| 000 | 00868nam a2200253 i 4500 | ||
|---|---|---|---|
| 001 | 19226 | ||
| 003 | ES-MaACL | ||
| 005 | 20230906152035.0 | ||
| 007 | t| | ||
| 008 | 020703s2001 sp ||||1| spa d | ||
| 020 | _a84-9599-419-4 | ||
| 080 | _a551.432.5(460.186) | ||
| 100 | 1 |
_aSanz Pérez, Eugenio. _9103676 |
|
| 245 | 1 | 4 |
_aLas montañas de Urbión, Cebollera y Cabrejas _b: geomorfología y patrimonio geológico / _cEugenio Sanz Pérez. |
| 260 |
_aSoria : _bDiputación Provincial de Soria, _c2001. |
||
| 300 |
_a244 p. : _bil. col. y n. ; _c23 cm. |
||
| 490 | 1 |
_aTemas sorianos ; _v43 |
|
| 504 | _aBibliografía. | ||
| 650 | 1 | 4 |
_aGeomorfología- _zSoria (Provincia) _913106 |
| 710 | 1 |
_aSoria (Provincia). _bDiputación Provincial. _96880 |
|
| 830 | 0 |
_aTemas sorianos ; _v43 _9179839 |
|
| 852 |
_aES-MaACL _jL-25660 _bR.131581 |
||
| 999 |
_c19226 _d19226 |
||